Image processing and machine learning, Volume 1 : (Record no. 51968)

MARC details
000 -LEADER
fixed length control field 00669nam a2200229Ia 4500
005 - DATE AND TIME OF LATEST TRANSACTION
control field 20260429112027.0
008 - FIXED-LENGTH DATA ELEMENTS--GENERAL INFORMATION
fixed length control field 260429s9999||||xx |||||||||||||| ||und||
020 ## - INTERNATIONAL STANDARD BOOK NUMBER
International Standard Book Number 9781032234588
041 ## - LANGUAGE CODE
Language English
082 ## - DEWEY DECIMAL CLASSIFICATION NUMBER
Classification number 006.31
Item number CUE
100 ## - MAIN ENTRY--PERSONAL NAME
Personal name Cuevas, Erik
245 #0 - TITLE STATEMENT
Title Image processing and machine learning, Volume 1 :
Remainder of title foundational of image processing, Vol. 1 /
Statement of responsibility, etc Erik Cuevas
250 ## - EDITION STATEMENT
Edition statement 1st ed.
260 ## - PUBLICATION, DISTRIBUTION, ETC. (IMPRINT)
Place of publication, distribution, etc Boca Raton :
Name of publisher, distributor, etc CRC Press,
Date of publication, distribution, etc 2024.
300 ## - PHYSICAL DESCRIPTION
Extent xiii, 209 p.; hb
440 ## - SERIES STATEMENT/ADDED ENTRY--TITLE
Volume number/sequential designation Vol. 1
650 ## - SUBJECT ADDED ENTRY--TOPICAL TERM
Topical term or geographic name as entry element Artificial intelligence
650 ## - SUBJECT ADDED ENTRY--TOPICAL TERM
Topical term or geographic name as entry element Machine learning
650 ## - SUBJECT ADDED ENTRY--TOPICAL TERM
Topical term or geographic name as entry element Computer science
700 ## - ADDED ENTRY--PERSONAL NAME
Personal name Rodriguez, Alma Nayeli
942 ## - ADDED ENTRY ELEMENTS (KOHA)
Koha item type Text Books
Holdings
Withdrawn status Lost status Damaged status Not for loan Collection code Home library Location Shelving location Date of Cataloging Source of acquisition Total Checkouts Full call number Barcode Date last seen Price effective from Koha item type
        Non-fiction CUTN Central Library CUTN Central Library Generalia 29/04/2026 Overseas Press, New Delhi - Invoice No. IN32831 on 09-02-2026   006.31 CUE 57009 29/04/2026 29/04/2026 Text Books